Price impacts of non-adoption of the Euro for small European countries

Bibliographic Details
Main Author: Yelten, Sibel.
Corporate Author: ProQuest (Firm)
Other Authors: Anderson, Harald.
Format: Electronic eBook
Language:English
Published: [Washington, D.C.] : International Monetary Fund, Research Dept., c2006.
Series:IMF working paper ; WP/06/151.
Subjects:
Online Access:Click to View
LEADER 01395nam a2200361Ia 4500
001 EBC3014535
003 MiAaPQ
005 20200520144314.0
006 m o d |
007 cr cn|||||||||
008 060622s2006 dcu sb i000 0 eng d
035 |a (MiAaPQ)EBC3014535 
035 |a (Au-PeEL)EBL3014535 
035 |a (CaPaEBR)ebr10380918 
035 |a (CaONFJC)MIL382078 
035 |a (OCoLC)694141240 
040 |a MiAaPQ  |c MiAaPQ  |d MiAaPQ 
050 4 |a HG3942  |b .Y45 2006 
100 1 |a Yelten, Sibel. 
245 1 0 |a Price impacts of non-adoption of the Euro for small European countries  |h [electronic resource] /  |c prepared by E. Sibel Yelten and Harald Anderson. 
260 |a [Washington, D.C.] :  |b International Monetary Fund, Research Dept.,  |c c2006. 
300 |a 20 p. 
490 1 |a IMF working paper ;  |v WP/06/151 
500 |a "June 2006." 
504 |a Includes bibliographical references. 
533 |a Electronic reproduction. Ann Arbor, MI : ProQuest, 2015. Available via World Wide Web. Access may be limited to ProQuest affiliated libraries. 
650 0 |a Monetary policy  |z Europe. 
650 0 |a Foreign exchange rates  |z Europe. 
655 4 |a Electronic books. 
700 1 |a Anderson, Harald. 
710 2 |a ProQuest (Firm) 
830 0 |a IMF working paper ;  |v WP/06/151. 
856 4 0 |u https://ebookcentral.proquest.com/lib/matrademy/detail.action?docID=3014535  |z Click to View